000 00419nam a2200145 a 4500
005 20140414131858.0
008 100827s19uu xx 00 eng d
050 _aFIL
_bAn8 2006
100 _aPastor, Boots Agbayani
245 _aThe ant and the dove :
_bAng langgam at ang kalapati.
260 _aManila, Philippines :
_bLampara,
_c2006.
440 _aStories with moral lessons
650 _aFable
999 _c110563
_d110563